<?xml version="1.0" encoding="UTF-8"?>
<collection xmlns="http://www.loc.gov/MARC21/slim">
 <record>
  <leader>00551nam a22001815a 4500</leader>
  <controlfield tag="001">EHU.bham024409</controlfield>
  <controlfield tag="003">AR-BHAM</controlfield>
  <controlfield tag="005">20120903154228.0</controlfield>
  <controlfield tag="008">130507s1966##################000#0#####d</controlfield>
  <datafield tag="082" ind1="A" ind2="8">
   <subfield code="a">863.407</subfield>
  </datafield>
  <datafield tag="100" ind1="1" ind2=" ">
   <subfield code="a">Bordelois, Ivonne</subfield>
  </datafield>
  <datafield tag="245" ind1="1" ind2="0">
   <subfield code="a">Genio y figura de ricardo guiraldes /</subfield>
   <subfield code="c">Ivonne Bordelois</subfield>
  </datafield>
  <datafield tag="260" ind1=" " ind2=" ">
   <subfield code="a">Buenos Aires :</subfield>
   <subfield code="b">Eudeba,</subfield>
   <subfield code="c">1966</subfield>
  </datafield>
  <datafield tag="300" ind1=" " ind2=" ">
   <subfield code="a">191 p.</subfield>
  </datafield>
  <datafield tag="490" ind1="0" ind2=" ">
   <subfield code="a">Biblioteca De America</subfield>
  </datafield>
  <datafield tag="653" ind1=" " ind2=" ">
   <subfield code="a">Donacion lejarraga</subfield>
  </datafield>
  <datafield tag="653" ind1=" " ind2=" ">
   <subfield code="a">Literatura argentina</subfield>
  </datafield>
  <datafield tag="859" ind1=" " ind2=" ">
   <subfield code="a">AR-BHAM</subfield>
   <subfield code="b">BIB. HUMANIDADES - General</subfield>
   <subfield code="h">A863.407</subfield>
   <subfield code="i">B644-3</subfield>
   <subfield code="k">A</subfield>
   <subfield code="p">149.02</subfield>
   <subfield code="t">Ej.1</subfield>
  </datafield>
 </record>
</collection>
